000 02646nmm a2200289 a 4500
003 CO-CtgCURN
005 20250703221514.0
008 250703s2025 xx f 000 0 und d
040 _aCO-CtgCURN
_bspa
_ccoctgcurn
082 _aDER 2025
_bL791c
100 _aLlanos Noguera, Wilmer Alberto
_eautor
245 0 _aLa contribución de la jurisprudencia constitucional en la mejora del acceso efectivo a los servicios de salud mental en Colombia
_h[electronic resource] /
_cWilmer Alberto Llanos Noguera; Andrea Pérez Florián; asesor., Jorge Mejía Turizo
260 _aBarranquilla, Atlántico :
_bCorporación Universitaria Rafael Núñez,
_c2025
300 _a1 recurso en linea (47 páginas (PDF))
502 _aTrabajo de Grado (Abogado). Corporación Universitaria Rafael Nuñez. Facultad de Ciencias Sociales y Humanas. Programa de Derecho, 2025
504 _aIncluye referencias bibliográficas
520 _aLa salud mental ha emergido en los últimos años como una prioridad dentro de la agenda pública y jurídica, no solo por su incidencia en el bienestar de las personas, sino por su estrecha vinculación con el derecho fundamental a la salud, consagrado en la Constitución Política de Colombia. A pesar de su creciente reconocimiento normativo, las personas con trastornos mentales en el país continúan enfrentando múltiples barreras que limitan el acceso a servicios de calidad, con enfoque integral, oportuno y digno. En este contexto, la Corte Constitucional colombiana ha desempeñado un papel determinante en el proceso de reivindicación de los derechos de esta población, a través de una línea jurisprudencial progresiva que ha contribuido a visibilizar el derecho a la salud mental como autónomo, exigible y prioritario dentro del bloque de constitucionalidad. Sin embargo, persiste una brecha crítica entre lo que ordenan las sentencias y su efectiva implementación en el sistema de salud, lo que plantea interrogantes sobre la eficacia de los mecanismos de seguimiento judicial y la responsabilidad institucional del Estado en la protección de estos derechos.
521 _aAREA PROFESIONAL
590 _aPrograma de Derecho_18
650 _aDerecho
_vTesis y disertaciones académicas
650 _aSalud mental
700 _aMejía Turizo, Jorge
_easesor
700 _aPérez Florián, Andrea
_eautora
856 _uhttps://unicurn.sharepoint.com/:b:/s/biblioteca/EURJZRa1YsJEvAbRXUqJgcoBzgPa63UDaDpLaOu7_qdZEw?e=s1eH08
_yConsulte aquí el texto completo
942 _cTG
_hDER 2025
_iL791c
_2ddc
_n0
999 _c49090
_d49090